Lietuvos statutai, ju̜ kūrėjai ir epocha

Titel: Lietuvos statutai, ju̜ kūrėjai ir epocha / Stanislovas Lazutka
Verfasser:
Veröffentlicht: Kaunas : Spindulys, 1994
Umfang: 46 S. : Ill.
Format: Buch
Sprache: Litauisch
Kein Bild verfügbar
X
Lokale Klassifikation: 45 12 F
alg: 3215887
001A    $03004:14-11-94 
001B    $01999:28-04-23 $t21:38:18.000 
001C    $06002:03-03-06 $t20:14:49.000 
001D    $09999:99-99-99 
001U    $0utf8 
001X    $00 
002@    $0Aauc 
003@    $0032158874 
007A    $0032158874 $aHEB 
007T    $0Herde08702 
010@    $alit 
011@    $a1994 $n1994 
013H    $0z 
015@    $0Z 
021A    $a@Lietuvos statutai, ju̜ kūrėjai ir epocha $hStanislovas Lazutka 
027A/01 $aLitauens Statuten, ihre Schöpfer und ihre Zeit 
028A    $#Lazutka, Stanislovas $#Lazutka, Stanislav A. $#Lazutka, Stanislav Antonovič $#Lazutka, Stanislav Antonovich $#Lazutka, Stasis A. $#Lazutka, Stasis Antanovič $#Lazutka, S. A. $#Lazutka, S. $#Lazutka, S.A. $D20220215 $Ecgwrk $7122400690 $8Lazutka, Stasys$Z1923- [Tp1] $9153575212 
033A    $pKaunas $nSpindulys 
034D    $a46 S. 
034M    $aIll. 
045F    $a340.09 $eDDC23BSB 
045F/01 $a340.09 
045F/03 $f0903 
045F/03 $f09041 
045F/03 $g4793 
046C    $aLitauens Statuten, ihre Schöpfer und ihre Zeit $bÜbers. des Hauptsacht. 

lok: 3215887 24
101B    $004-08-95 $t00:56:26.910 
107F    $0086552422 
145Z/01 $a45 12 F 
101U    $0utf8 

exp: 3215887 24 1 #EPN
201B/01 $012-12-02 $t19:44:40.535 
203@/01 $0086552430 
208@/01 $a14-11-94 $bh 
209A/01 $a94.3555 $du $f050 $h94 3555 $x00 
209C/01 $aK 94.3555 $h94 3555 K 
247C/01 $8358050-7 Marburg, Bibliothek des Herder-Instituts Marburg $9102600961 
201U/01 $0utf8 

lok: 3215887 78

exp: 3215887 78 1 #EPN
201B/01 $019-04-17 $t15:11:43.000 
201U/01 $0utf8 
203@/01 $0792018524 
208@/01 $a12-11-16 $be 
209A/01 $a/ $f000 $x00 
220C/01 $aTitelaufnehmer: pk 
220C/01 $aHerkunft: Baltische Bibliographie / P. Kaegbein 
237A/01 $aweiterführende Signatur(en): HI: 94.3555 
244Z/01 $2Trx $#Litauen $#Lithuania $#Litwa $#Litva $#Litva $8--Trx--Lietuva $x01 $9391193457 
244Z/01 $aGeschichte 1529 $x02 
244Z/01 $aGeschichte 1566 $x03 
244Z/01 $aGeschichte 1588 $x04 
244Z/01 $2Trx $#reeglid ja korraldused $#reglamentai ir įsakai $#regulations and writs $#törvények és rendeletek $#regulaminy i rozporządzenia $#nariadenia a výnosy $#nařízení a výnosy $#Statuten $#Satzungen $#decrees $#edicts $#policies $#statuty $#rozporządzenia $#štatúty $#stanovy $8--Trx--Ordnungen und Erlasse $x05 $9391360337 
244Z/01 $2Trx $8--Trx--Monographie $x06 $9391384546 
245Z/01 $a07.02 $x01 
247C/01 $82080>Marburg/Lahn, Herder-Institut, Forschungsbibliothek, Bibliographieportal $9336309341
LEADER 00000cam a2200000 c 4500
001 032158874
003 DE-603
005 20230428213818.0
007 tu
008 941114s1994 xx |||| | u00||u|lit c
035 |a (DE-599)HEB032158874 
040 |a DE-603  |b ger  |c DE-603  |d DE-603 
041 |a lit 
082 0 4 |8 1\u  |a 340.09  |q DE-101  |2 23/BSB 
085 |8 1\u  |b 340.09 
085 |8 1\u  |z 1  |s 0903 
085 |8 1\u  |z 1  |s 09041 
085 |8 1\u  |z 2  |s 4793 
100 1 |a Lazutka, Stasys  |d 1923-  |0 (DE-603)153575212  |0 (DE-588)122400690  |2 gnd 
245 0 0 |a Lietuvos statutai, ju̜ kūrėjai ir epocha  |c Stanislovas Lazutka 
246 1 |i Übers. des Hauptsacht.  |a Litauens Statuten, ihre Schöpfer und ihre Zeit 
246 1 3 |a Litauens Statuten, ihre Schöpfer und ihre Zeit 
264 1 |a Kaunas  |b Spindulys  |c 1994 
300 |a 46 S.  |b Ill. 
924 0 |9 Mb 50  |a (DE-603)086552430  |b DE-Mb50  |c HES  |d c  |g 94.3555 
924 0 |9 2080  |a (DE-603)792018524  |b DE-2080  |c HES  |d d  |g /